000 00779cam a22002653a 4500
001 9285
003 PGUSA
005 20140828083210.0
008 051101s2005||||xxu|||||s|||||000 1 eng d
040 _aPGUSA
_beng
042 _adc
050 4 _aPS
100 1 _aWharton, Edith,
_d1862-1937
245 1 0 _aSummer
_h[electronic resource] /
_cEdith Wharton
260 _bProject Gutenberg,
_c2005
506 _aCopyrighted. Read the copyright notice inside this book for details.
516 _aElectronic text
653 _aBerkshire Hills (Mass.) -- Fiction
653 _aYoung women -- Fiction
653 _aGuardian and ward -- Fiction
653 _aLove stories
830 0 _aProject Gutenberg
_v9285
856 4 0 _uhttp://www.gutenberg.org/ebooks/9285
942 _cAB
999 _c238541
_d238541